Sistema métrico perfecto o docial, y demostración de sus inmensas ventajas sobre el decimal y sobre todo otro sistema de medidas, pesos y monedas / (Record no. 162763)

MARC details
000 -LEADER
campo de control de longitud fija 00903nam a2200193 i 4500
001 - NÚMERO DE CONTROL
campo de control 162763
003 - IDENTIFICADOR DE NÚMERO DE CONTROL
campo de control ES-MaACL
005 - FECHA Y HORA DE LA ÚLTIMA TRANSACCIÓN
campo de control 20230906212610.0
008 - DATOS DE LONGITUD FIJA--INFORMACIÓN GENERAL
campo de control de longitud fija 990205s1862 sp |||| | spa d
100 1# - ENTRADA PRINCIPAL--NOMBRE DE PERSONA
Nombre de persona Pujals de la Bastida, Vicente.
9 (RLIN) 176379
245 10 - MENCIÓN DEL TÍTULO
Título Sistema métrico perfecto o docial, y demostración de sus inmensas ventajas sobre el decimal y sobre todo otro sistema de medidas, pesos y monedas /
Mención de responsabilidad, etc. por Vicente Puyals de la Bastida.
260 ## - PUBLICACIÓN, DISTRIBUCIÓN, ETC.
Lugar de publicación, distribución, etc. Madrid :
Nombre del editor, distribuidor, etc. [s.n.],
Fecha de publicación, distribución, etc. 1862 (
Fabricante Imp. de la Esperanza, a cargo de Antonio Pérez Dubrull)
300 ## - DESCRIPCIÓN FÍSICA
Extensión 38 p. ;
Dimensiones 21 cm.
530 ## - NOTA DISPONIBLE DE FORMULARIO FÍSICO ADICIONAL
Nota de formato físico adicional disponible Disponible en formato digital.
650 ## - PUNTO DE ACCESO ADICIONAL DE MATERIA--TÉRMINO DE MATERIA
Término de materia o nombre geográfico como elemento de entrada Sistema métrico.
9 (RLIN) 150805
650 #4 - PUNTO DE ACCESO ADICIONAL DE MATERIA--TÉRMINO DE MATERIA
Término de materia o nombre geográfico como elemento de entrada Medición.
9 (RLIN) 146361
852 4# - LOCALIZACIÓN
Ubicación ES-MaACL
Número de control de estantería T-81-F-20
Nota libre - Enc. hol., falto de cub. original
-- - Enc. en un vol. facticio
856 4# - LOCALIZACIÓN Y ACCESO ELECTRÓNICOS
Identificador Uniforme de Recursos <a href="http://bdh-rd.bne.es/viewer.vm?id=0000040532&page=1 ">http://bdh-rd.bne.es/viewer.vm?id=0000040532&page=1 </a>
Nota pública Biblioteca Digital Hispánica
Holdings
Estatus retirado Estado de pérdida Estado de daño No para préstamo Colección Biblioteca de origen Biblioteca actual Ubicación en estantería Fecha de adquisición Total de préstamos Signatura topográfica completa Código de barras Visto por última vez Precio de reemplazo Tipo de ítem Koha
        Colección de folletos Biblioteca del Ateneo de Madrid Biblioteca del Ateneo de Madrid Depósito folletos 17/01/2008   T-81-F-20 1170530 23/02/2023 23/02/2023 Folleto